000 01119naa a22002777a 4500
001 BR9403320
003 BR-BrBNA
005 20240918181224.0
007 ta
008 230509b bl.||||| |||| 00| 0 por d
040 _aBR-BrBNA
_bpor
_cBiblioteca Nacional de Agricultura
041 _a(Pt)
072 _aE71
_b1800
090 _aE71 BR9403320
100 1 _aCarvalho, F.C.
111 1 _a24. Congresso Brasileiro de Olericultura1. Reuniao Latino-Americana de Olericultura
_cJaboticabal, SP (Brazil)
_d16-21 Jul 1984
245 1 _aComercio exterior brasileiro de produtos olericolas
260 3 _aBrasilia, DF (Brasil):
_c1984.
500 _aAnais do 24. Congresso Brasileiro de Olericultura e 1. Reuniao Latino-Americana de Olericultura Brasilia, DF (Brasil): 1984. p. 171-176 (BR9403320-AM)E71
650 _aLegume
650 _aComercio Exterior
650 _aExportacao
773 0 _tAnais do 24. Congresso Brasileiro de Olericultura e 1. Reuniao Latino-Americana de Olericultura
_wE71 BR9403320
_gBrasilia, DF (Brasil), 1984. p. 171-176
909 _a202404
_bLucia
_c55
_dLucia Elande
942 _cAM
_2AGRIS
999 _c324186
_d324186